01186nab a22001937a 4500003000400000005001700004008004100021040000700062100001800069245008400087300001200171500003300183505038200216505014300598505008900741650001800830650002500848773011900873OSt20250321095510.0190502c xxu||||| |||| 00| 0 spa d cPJ aCarús, Juan10aDefraudación informática (art. 173, inc. 16, Cód. Penal) /cJuan Carús. ap. 3-18 aCita Online: AR/DOC/97/2025. aSumario: I. Bien jurídico tutelado.— II. ¿Qué clase de delito es la defraudación informática?— III. Tipo objetivo.— IV. Consumación.— V. Participación (complicidad primaria).— VI. Encubrimiento.— VII. Concursos.— VIII. Casuística.— IX. Cuestiones probatorias.— X. Falta de acción por reparación del daño.— XI. Cuestiones de competencia. tFallo comentado: CNFed. Crim. y Correc., sala I ~ 23/09/2024 ~ Maduro Moros, Nicolás s/ queja de la querella - recurso de queja N.º 6. t¿Te interesa el texto completo? Solicitalo al correo: koha@justierradelfuego.gov.ar 0aDERECHO PENAL 0aDELITOS INFORMATICOS0 02729dBuenos Aires : LexisNexis, 2006-tRevista de derecho penal y procesal penal. Nº 3 - Marzo 2025z9875920622